000
00335nam a2200133Ia 4500
008
220216s9999 xx 000 0 und d
100
_a
Gupta M
245
0
_a
Role of wood products in global climate change
260
_b
Indian Forester
_c
2011
300
_a
1056-1051
650
_a
Climate change
700
_a
Gupta L M
942
_c
JS
999
_c
67227
_d
67227